000 00557nmm a2200193Ia 4500
008 251105s9999||||xx |||||||||||||||||und||
020 _a9788415625612
041 _aspa
100 _aLernet-Holenia, Alexander
245 0 _aEl estandarte
264 _a[Madrid, España] :
_bLibros del asteroide,
_c2013
300 _a334 páginas
490 _aLibros del Asteroide
650 _aOther narratives
700 _aLernet-Holenia, Alexander
700 1 _a Vidal-Folch, Ignacio
856 _uhttps://public.digitaliapublishing.com/a/33369
942 _cCF
999 _c67808
_d67808